Deutschrap Quiz - Statistiken

Allgemein
  • Dieses Quiz wurde 795 mal gespielt
  • Das Durchschnittsergebnis liegt bei 4 aus 15
Antwortstatistiken
Frage Antwort % Korrekt
Was haben OG Keemo, Mauli und Maxwell gemeinsam? Alle 93er Baujahr
53%
Wie oft sagt Samra im Song "Cataleya" das Wort "Cataleya"? 61
46%
Was macht die Halbinsel Ferropolis bei Gräfenhainichen für Deutschrap relevant? Austragungsort des splash! Festivals
41%
Was bedeutet der Name "Celo"? Glatzkopf
39%
Wann fand das erste VBT statt? 2007
37%
Wer ist nicht auf Sidos 30-11-80 zu finden? Kool Savas
32%
Welcher der folgenden Rapper wurde nicht in Wien geboren? RAF Camora
28%
Wie ging das Battle zwischen Gio und Ésmaticx damals aus? 11:8 für Gio
25%
Welche Aussage über "Der Beweis 2" und "30-11-80" ist wahr? Beide beinhalten genau 19 Rapper
25%
Was haben Dendemann, TJ_beastboy, Danger Dan und MF Doom gemeinsam? Haben alle den gleichen Vornamen
23%
Welcher Rapper heißt mit bürgerlichem Namen "Uchenna van Capelleveen"? Megaloh
20%
Welche Aussage über Farid Bang ist FALSCH? Wurde in Marokko geboren
20%
Welcher Rapper war noch NICHT in einer Produktion des öffentlich rechtlichen Rundfunks zu sehen? Casper
18%
Welcher dieser Rapper wurde in Chicago geboren? Edgar Wasser
14%
Welcher der folgenden Rapper ist der jüngste? Xatar
9%
Keine übereinstimmenden Quizze gefunden
Verteilung der Resultate
Anzahl Personen mit jedem Resultat
Perzentil nach korrekt beantworteten Fragen
Ihre Resultats-Entwicklung
Sie haben dieses Quiz noch nicht gespielt